000 01049nam a2200193 4500
005 20260210112618.0
008 260204b |||||||| |||| 00| 0 eng d
020 _a9780764366901
041 _aEnglish
082 _bBRA
_a746.1
100 _aBrandeis Susan
_9216592
245 _aCumulative Cloth Wet Techniques: A Guide to Fabric Color, Pattern, Construction, and Embellishment
260 _bSchiffer Craft
_c2023
300 _a286
365 _b3635.49
_cRs.00
520 _aIntroduction Chapter 1: Dyes And Dyeing: Choosing Expressive Foundation Color Chapter 2: Resist Dyeing (Shibori): Adding Pattern With Dyes Chapter 3: Direct Application: Drawing And Painting With Pigments Chapter 4: Screen Printing: Repetition And Composition Chapter 5: Digital Printing: Scanned Or Photographic Images Of Cloth Chapter 6: Discharge: Removing Color Appendix A: Finishing Techniques Appendix B: Materials, Tools, And Equipment Appendix C: Keeping Samples: Your Cumulative Cloth "Library" And "Toolbox"
650 _aDyeing
942 _cBK
999 _c370308
_d370308